logo

Bir Sreshtho Munshi Abdur Rouf Library
Jhenaidah Cadet College

Schaum's outline of theory and problems of complex variables with an introduction to conformal mapping and its application / (Record no. 5365)

MARC details
000 -LEADER
fixed length control field 00832cam a2200277 a 4500
001 - CONTROL NUMBER
JCCL Control Number 5365
003 - CONTROL NUMBER IDENTIFIER
JCCL marc code UkOxU
005 - DATE AND TIME OF LATEST TRANSACTION
control field 20180127105703.0
008 - FIXED-LENGTH DATA ELEMENTS--GENERAL INFORMATION
fixed length control field 960910s1983 si a 001 0 eng
020 ## - INTERNATIONAL STANDARD BOOK NUMBER
International Standard Book Number 0070843821
020 ## - INTERNATIONAL STANDARD BOOK NUMBER
International Standard Book Number 0070990107
035 ## - SYSTEM CONTROL NUMBER
system control number (BD-JhCC) 5365
040 ## - CATALOGING SOURCE
Original cataloging agency BD-JhCC
Modifying agency BD-JhCC
041 ## - LANGUAGE CODE
Language code of Book eng
082 ## - DEWEY DECIMAL CLASSIFICATION NUMBER
Classification number 515.9
Author mark and Year SPI 2003
100 1# - MAIN ENTRY--PERSONAL NAME
Personal name Spiegel, Murray R.
245 10 - TITLE STATEMENT
Title Schaum's outline of theory and problems of complex variables with an introduction to conformal mapping and its application /
Statement of responsibility, etc by Murray R. Spiegel
250 ## - EDITION STATEMENT
Edition statement SI (metric) ed
260 ## - PUBLICATION, DISTRIBUTION, ETC. (IMPRINT)
Place of publication, distribution, etc Singapore :
Name of publisher, distributor, etc McGraw-Hill,
Date of publication, distribution, etc 1983
300 ## - PHYSICAL DESCRIPTION
Pagination 313 p. ;
Dimensions 27 cm
Other physical details ill. ;
490 1# - SERIES STATEMENT
Series statement Schaum's outline series
650 #0 - SUBJECT ADDED ENTRY--TOPICAL TERM
Topical term or geographic name as entry element Functions of complex variables
830 #0 - SERIES ADDED ENTRY--UNIFORM TITLE
Uniform title Schaum's outline series.
942 ## - ADDED ENTRY ELEMENTS (KOHA)
Source of classification or shelving scheme Dewey Decimal Classification
Koha item type Books
Holdings
Source of classification or shelving scheme Damaged status Not for loan Home library Current library Shelving location Date of accession Total Checkouts Full call number Barcode Date last seen Copy number Koha item type Date checked out Source of acquisition
Dewey Decimal Classification     JCC Rouf Library JCC Rouf Library General Stacks 12/13/2017   515.9 SPI 2003 7332 12/13/2017 C - 1 Books    
Dewey Decimal Classification     JCC Rouf Library JCC Rouf Library General Stacks 12/14/2017 1 515.9 SPI 2003 7574 06/19/2023 C-2 Books 05/02/2023  
Dewey Decimal Classification     JCC Rouf Library JCC Rouf Library General Stacks     515.9 SPI 2003 7905 01/27/2018 C - 3 Books   Zahedi Foundation

JCC Library | Contacts | JCC Home

Last Update on 23 September 2017
Copyright @ 2017-2020 JCC Rouf Library
Rouf Library, Jhenidah Cadet College (JCC), Bangladesh